Effective Field Theories for Heavy Majorana Neutrinos in a Thermal Bath (Запис № 450356)
[ простий вигляд ]
| 000 -LEADER | |
|---|---|
| fixed length control field | 04238nam a22006135i 4500 |
| 001 - CONTROL NUMBER | |
| control field | 978-3-319-63901-7 |
| 003 - CONTROL NUMBER IDENTIFIER | |
| control field | DE-He213 |
| 005 - DATE AND TIME OF LATEST TRANSACTION | |
| control field | 20210118141713.0 |
| 007 - PHYSICAL DESCRIPTION FIXED FIELD--GENERAL INFORMATION | |
| fixed length control field | cr nn 008mamaa |
| 008 - FIXED-LENGTH DATA ELEMENTS--GENERAL INFORMATION | |
| fixed length control field | 170802s2017 gw | s |||| 0|eng d |
| 020 ## - INTERNATIONAL STANDARD BOOK NUMBER | |
| International Standard Book Number | 9783319639017 |
| -- | 978-3-319-63901-7 |
| 024 7# - OTHER STANDARD IDENTIFIER | |
| Standard number or code | 10.1007/978-3-319-63901-7 |
| Source of number or code | doi |
| 050 #4 - LIBRARY OF CONGRESS CALL NUMBER | |
| Classification number | QC793-793.5 |
| 050 #4 - LIBRARY OF CONGRESS CALL NUMBER | |
| Classification number | QC174.45-174.52 |
| 072 #7 - SUBJECT CATEGORY CODE | |
| Subject category code | PHQ |
| Source | bicssc |
| 072 #7 - SUBJECT CATEGORY CODE | |
| Subject category code | SCI051000 |
| Source | bisacsh |
| 072 #7 - SUBJECT CATEGORY CODE | |
| Subject category code | PHQ |
| Source | thema |
| 082 04 - DEWEY DECIMAL CLASSIFICATION NUMBER | |
| Classification number | 539.72 |
| Edition number | 23 |
| 100 1# - MAIN ENTRY--PERSONAL NAME | |
| Personal name | Biondini, Simone. |
| Relator term | author. |
| Relator code | aut |
| -- | http://id.loc.gov/vocabulary/relators/aut |
| 245 10 - TITLE STATEMENT | |
| Title | Effective Field Theories for Heavy Majorana Neutrinos in a Thermal Bath |
| Medium | [electronic resource] / |
| Statement of responsibility, etc | by Simone Biondini. |
| 250 ## - EDITION STATEMENT | |
| Edition statement | 1st ed. 2017. |
| 264 #1 - | |
| -- | Cham : |
| -- | Springer International Publishing : |
| -- | Imprint: Springer, |
| -- | 2017. |
| 300 ## - PHYSICAL DESCRIPTION | |
| Extent | XIII, 215 p. 86 illus., 65 illus. in color. |
| Other physical details | online resource. |
| 336 ## - | |
| -- | text |
| -- | txt |
| -- | rdacontent |
| 337 ## - | |
| -- | computer |
| -- | c |
| -- | rdamedia |
| 338 ## - | |
| -- | online resource |
| -- | cr |
| -- | rdacarrier |
| 347 ## - | |
| -- | text file |
| -- | |
| -- | rda |
| 490 1# - SERIES STATEMENT | |
| Series statement | Springer Theses, Recognizing Outstanding Ph.D. Research, |
| Міжнародний стандартний серійний номер для назви серії (ISSN) | 2190-5053 |
| 505 0# - FORMATTED CONTENTS NOTE | |
| Formatted contents note | Baryon Asymmetry in the Early Universe -- Baryogenesis via Leptogenesis -- Effective Field Theories -- Thermal Field Theory in a Nutshell -- EFT Approach for Right-handed Neutrinos in a Thermal Bath -- CP Asymmetries at Finite Temperature: the Nearly Degenerate Case -- CP Asymmetries at Finite Temperature: the Hierarchical Case -- Flavoured CP Asymmetries. |
| 520 ## - SUMMARY, ETC. | |
| Summary, etc | This thesis discusses the construction of an effective field theory (EFT) for non-relativistic Majorana fermions, shows how to use it to calculate observables in a thermal medium, and derives the effects of these thermal particles on the CP asymmetry. The methods described in this thesis are the only ones to date that allow a systematic and effective description of the non-relativistic dynamics of a heavy Majorana fermion at finite temperature. The CP asymmetry is studied for hierarchical and nearly degenerate heavy-neutrino masses and the analysis includes the treatment of lepton-flavor effects. Heavy Majorana neutrinos are involved in many scenarios of physics beyond the standard model and, in the leptogenesis framework, they are at the root of the baryon asymmetry in the Universe. Besides simplifying existing results, the EFT approach provides useful tools for addressing even more involved observables. Indeed, taken together, the approach and the material pres ented here represent an important step toward a systematic improvement of our knowledge of the CP asymmetry in heavy-neutrino decays at finite temperature. |
| 506 ## - RESTRICTIONS ON ACCESS NOTE | |
| Terms governing access | Available to subscribing member institutions only. Доступно лише організаціям членам підписки. |
| 506 ## - RESTRICTIONS ON ACCESS NOTE | |
| Standardized terminology for access restriction | Online access from local network of NaUOA. |
| 506 ## - RESTRICTIONS ON ACCESS NOTE | |
| Standardized terminology for access restriction | Online access with authorization at https://link.springer.com/ |
| 506 ## - RESTRICTIONS ON ACCESS NOTE | |
| Standardized terminology for access restriction | Онлайн-доступ з локальної мережі НаУОА. |
| 506 ## - RESTRICTIONS ON ACCESS NOTE | |
| Standardized terminology for access restriction | Онлайн доступ з авторизацією на https://link.springer.com/ |
| 650 #0 - SUBJECT ADDED ENTRY--TOPICAL TERM | |
| Topical term or geographic name as entry element | Elementary particles (Physics). |
| 650 #0 - SUBJECT ADDED ENTRY--TOPICAL TERM | |
| Topical term or geographic name as entry element | Quantum field theory. |
| 650 #0 - SUBJECT ADDED ENTRY--TOPICAL TERM | |
| Topical term or geographic name as entry element | Cosmology. |
| 650 #0 - SUBJECT ADDED ENTRY--TOPICAL TERM | |
| Topical term or geographic name as entry element | String theory. |
| 650 14 - SUBJECT ADDED ENTRY--TOPICAL TERM | |
| Topical term or geographic name as entry element | Elementary Particles, Quantum Field Theory. |
| -- | http://scigraph.springernature.com/things/product-market-codes/P23029 |
| 650 24 - SUBJECT ADDED ENTRY--TOPICAL TERM | |
| Topical term or geographic name as entry element | Cosmology. |
| -- | http://scigraph.springernature.com/things/product-market-codes/P22049 |
| 650 24 - SUBJECT ADDED ENTRY--TOPICAL TERM | |
| Topical term or geographic name as entry element | Quantum Field Theories, String Theory. |
| -- | http://scigraph.springernature.com/things/product-market-codes/P19048 |
| 710 2# - ADDED ENTRY--CORPORATE NAME | |
| Corporate name or jurisdiction name as entry element | SpringerLink (Online service) |
| 773 0# - HOST ITEM ENTRY | |
| Title | Springer eBooks |
| 776 08 - ADDITIONAL PHYSICAL FORM ENTRY | |
| Display text | Printed edition: |
| International Standard Book Number | 9783319639000 |
| 776 08 - ADDITIONAL PHYSICAL FORM ENTRY | |
| Display text | Printed edition: |
| International Standard Book Number | 9783319639024 |
| 776 08 - ADDITIONAL PHYSICAL FORM ENTRY | |
| Display text | Printed edition: |
| International Standard Book Number | 9783319876665 |
| 830 #0 - SERIES ADDED ENTRY--UNIFORM TITLE | |
| Uniform title | Springer Theses, Recognizing Outstanding Ph.D. Research, |
| -- | 2190-5053 |
| 856 40 - ELECTRONIC LOCATION AND ACCESS | |
| Uniform Resource Identifier | <a href="https://doi.org/10.1007/978-3-319-63901-7">https://doi.org/10.1007/978-3-319-63901-7</a> |
| 912 ## - | |
| -- | ZDB-2-PHA |
| 942 ## - ADDED ENTRY ELEMENTS (KOHA) | |
| Koha item type | ЕКнига |
Немає доступних примірників.